000 004240000a22001690004500
003 MACL
005 20160105162210.0
008 160105b xxu||||| |||| 00| 0 eng d
040 _aMACL
_cMACL
041 _aEnglish
082 _a821/SHA
100 _aSharp, Mrs William
_928241
245 _aWomen Poets of The Victorian Era
260 _bWalter Scott Ltd
_aLondon
650 _aPoetry
_928242
942 _cBK
_k821/SHA
_2ddc
999 _c36520
_d36520